LEADER 03591nam 2200769Ia 450 001 9910450368903321 005 20200520144314.0 010 $a9786612357893 010 $a1-59734-556-3 010 $a1-282-35789-1 010 $a0-520-93798-8 024 7 $a10.1525/9780520937987 035 $a(CKB)1000000000017906 035 $a(EBL)227288 035 $a(OCoLC)475933483 035 $a(SSID)ssj0000131542 035 $a(PQKBManifestationID)11132591 035 $a(PQKBTitleCode)TC0000131542 035 $a(PQKBWorkID)10016537 035 $a(PQKB)10146032 035 $a(StDuBDS)EDZ0000056058 035 $a(MiAaPQ)EBC227288 035 $a(OCoLC)57532998 035 $a(MdBmJHUP)muse30975 035 $a(DE-B1597)518627 035 $a(DE-B1597)9780520937987 035 $a(Au-PeEL)EBL227288 035 $a(CaPaEBR)ebr10069064 035 $a(CaONFJC)MIL235789 035 $a(EXLCZ)991000000000017906 100 $a20040304d2005 uy 0 101 0 $aeng 135 $aur|n|---||||| 181 $ctxt 182 $cc 183 $acr 200 10$aCourting conflict$b[electronic resource] $ethe Israeli military court system in the West Bank and Gaza /$fLisa Hajjar 210 $aBerkeley $cUniversity of California Press$dc2005 215 $a1 online resource (337 p.) 300 $aDescription based upon print version of record. 311 $a0-520-24193-2 311 $a0-520-24194-0 320 $aIncludes bibliographical references and index. 327 $aA political geography of law and conflict -- Legal discourses and the conflict in Israel/Palestine -- Going to court -- The face and arms of military justice -- The politics of language -- Cause lawyering and national conflict -- Political subjects, legal objects -- A suq of deals. 330 $aIsrael's military court system, a centerpiece of Israel's apparatus of control in the West Bank and Gaza since 1967, has prosecuted hundreds of thousands of Palestinians. This authoritative book provides a rare look at an institution that lies both figuratively and literally at the center of the Israeli-Palestinian conflict. Lisa Hajjar has conducted in-depth interviews with dozens of Israelis and Palestinians-including judges, prosecutors, defense lawyers, defendants, and translators-about their experiences and practices to explain how this system functions, and how its functioning has affected the conflict. Her lucid, richly detailed, and theoretically sophisticated study highlights the array of problems and debates that characterize Israel's military courts as it asks how the law is deployed to protect and further the interests of the Israeli state and how it has been used to articulate and defend the rights of Palestinians living under occupation. 606 $aMilitary courts$zWest Bank 606 $aMilitary courts$zGaza Strip 606 $aWar and emergency powers$zIsrael 606 $aRule of law$zIsrael 606 $aPalestinian Arabs$xCivil rights 606 $aIsrael-Arab War, 1967$xOccupied territories 608 $aElectronic books. 615 0$aMilitary courts 615 0$aMilitary courts 615 0$aWar and emergency powers 615 0$aRule of law 615 0$aPalestinian Arabs$xCivil rights. 615 0$aIsrael-Arab War, 1967$xOccupied territories. 676 $a343.5695/30143 700 $aHajjar$b Lisa$f1961-$01035579 801 0$bMiAaPQ 801 1$bMiAaPQ 801 2$bMiAaPQ 906 $aBOOK 912 $a9910450368903321 996 $aCourting conflict$92455343 997 $aUNINA LEADER 04246 am 2200829 n 450 001 9910332057303321 005 20190626 010 $a979-1-03-510139-8 024 7 $a10.4000/books.psorbonne.28410 035 $a(CKB)4100000008789141 035 $a(FrMaCLE)OB-psorbonne-28410 035 $a(oapen)https://directory.doabooks.org/handle/20.500.12854/47598 035 $a(PPN)267968418 035 $a(EXLCZ)994100000008789141 100 $a20190729j|||||||| ||| 0 101 0 $afre 135 $auu||||||m|||| 181 $ctxt$2rdacontent 182 $cc$2rdamedia 183 $acr$2rdacarrier 200 10$aFigures de l'autorité médiévale $eMélanges offerts à Michel Zimmermann /$fPierre Chastang, Patrick Henriet, Claire Soussen 210 $aParis $cÉditions de la Sorbonne$d2019 215 $a1 online resource (395 p.) 311 $a2-85944-964-7 330 $aLe présent volume rassemble les contributions d'historiens français et ibériques en l'honneur de Michel Zimmermann. Il illustre l'importance des thématiques et des méthodes qu'il a promues dans ses travaux consacrés à l'histoire de la naissance culturelle et politique de la Catalogne aux xe-xiie siècles. Le volume organisé autour de trois thèmes traduit l'originalité et la fécondité de sa démarche, en ouvrant sur d'autres espaces géographiques et à d'autres périodes chronologiques. « Les pratiques de l'écrit », « Les pouvoirs » et « L'autorité » constituent les principaux fils problématiques de l'?uvre que Michel Zimmermann a construite. La permanence de ces questions a nourri le regard qu'il a porté sur la société médiévale. Ses élèves et ses collègues souhaitaient poursuivre, en forme d'amical hommage, la réflexion qu'il a entamée dès le début des années 1970. La variété des objets et des terrains abordés dans le volume montre la fécondité des travaux de Michel Zimmermann qui a, par ses publications et son enseignement, participé à l'essor d'une histoire culturelle des mondes médiévaux. Elle se caractérise à la fois par le développement d'un questionnement propre, au sein duquel l'écrit et les formes de pouvoir et d'autorité qui lui sont liées sont devenus centraux, et par le maintien de liens étroits avec les objets traditionnels d'une histoire sociale qui continue de s'interroger, à diverses échelles, sur les formes communautaires médiévales. 606 $aHistory 606 $aMedieval & Renaissance Studies 606 $aautorité 606 $acommunication écrite 606 $ahistoire culturelle 610 $aautorité 610 $ahistoire culturelle 610 $acommunication écrite 615 4$aHistory 615 4$aMedieval & Renaissance Studies 615 4$aautorité 615 4$acommunication écrite 615 4$ahistoire culturelle 700 $aArizaleta$b Amaia$0289523 701 $aAurell$b Martin$0157327 701 $aChastang$b Pierre$01285739 701 $aDenjean$b Claude$0738033 701 $aDeswarte$b Thomas$01290632 701 $aGautier Dalché$b Patrick$01296628 701 $aGauvard$b Claude$0155109 701 $aHenriet$b Patrick$01296629 701 $aJardin$b Jean-Pierre$01289343 701 $aKaplan$b Michel$0269252 701 $aLeroy$b Béatrice$0388828 701 $aLett$b Didier$0480410 701 $aMartin$b Jean-Marie$0343860 701 $aMonnet$b Pierre$0227921 701 $aMora$b Francine$01238392 701 $aMorelle$b Laurent$0737674 701 $aMornet$b Elisabeth$01234926 701 $aPagès$b Montserrat$01296630 701 $aPéquignot$b Stéphane$0519245 701 $aPuech$b Vincent$01278877 701 $aRiché$b Pierre$0386205 701 $aSabaté$b Flocel$0682622 701 $aSot$b Michel$0211748 701 $aSoussen$b Claire$01290635 701 $aVerger$b Jacques$032853 701 $aVulliez$b Charles$01282540 701 $aChastang$b Pierre$01285739 701 $aHenriet$b Patrick$01296629 701 $aSoussen$b Claire$01290635 801 0$bFR-FrMaCLE 906 $aBOOK 912 $a9910332057303321 996 $aFigures de l'autorité médiévale$93024168 997 $aUNINA